00000000nam 2200000zi 4500
0019.939953
003CaOODSP
00520241129075705
006m     o  d f      
007cr mn|||||||||
008240627s1983    onca    o    f000 0 eng d
040 |aCaOODSP|beng|erda|cCaOODSP
043 |an-cn---
0861 |aId31-108/1983E-PDF
24500|aStrategic overview for the Department of Regional Industrial Expansion, 1984/85 to 1987/88.
264 1|a[Ottawa] : |bGovernment of Canada, Industry, Trade and Commerce and Regional Economic Expansion = Gouvernement du Canada, Industrie et commerce et Expansion économique régionale, |c[1983?]
300 |a1 online resource (17 pages) : |billustration
336 |atext|btxt|2rdacontent
337 |acomputer|bc|2rdamedia
338 |aonline resource|bcr|2rdacarrier
500 |aIssued also in French under title: Aperçu stratégique pour le Ministère de l'expansion industrielle régionale, 1984-1985 à 1987-1988.
500 |aDigitized edition from print [produced by Innovation, Science and Economic Development Canada].
61010|aCanada. |bDepartment of Regional Industrial Expansion|xPlanning.
650 0|aStrategic planning|zCanada.
7101 |aCanada. |bIndustry, Trade and Commerce, |eissuing body.
7101 |aCanada. |bRegional Economic Expansion, |eissuing body.
77508|tAperçu stratégique pour le Ministère de l'expansion industrielle régionale, 1984-1985 à 1987-1988.|w(CaOODSP)9.945755
85640|qPDF|s973 KB|uhttps://publications.gc.ca/collections/collection_2024/isde-ised/Id31-108-1983-eng.pdf